Geography Quiz

Random Geography or State Quiz

US States With The Most Of Each Letter Quiz Stats

 Plays Quiz Updated Sep 14, 2012

Challenge
Share
Tweet
Embed
Score 0/25 Timer 06:00
2 Plays Today
Letter State % Correct
AAlabama
96.3%
WDelaware...
85.3%
FCalifornia/Florida
84.1%
MAlabama...
84.1%
VVirginia...
83.4%
SMassachusetts/Mississippi
83.2%
YKentucky...
83%
XTexas/New Mexico
83%
BNebraska/Alabama
82.7%
UMassachusetts...
81.2%
GGeorgia
80.9%
IMississippi
79%
CConnecticut
78.2%
Letter State % Correct
KKentucky
69.7%
JNew Jersey
69.6%
ZArizona
68.6%
ETennessee
64.5%
TConnecticut...
63.6%
PMississippi
61.1%
LIllinois
53.5%
HNew Hampshire
48.9%
OColorado
48.6%
DRhode Island
42.9%
NPennsylvania
39.2%
RNorth Carolina
38.4%

You're not logged in!

Compare scores with friends on all Sporcle quizzes.
Join for Free
OR
Log In

You Might Also Like...

Show Comments

Extras

Top Quizzes Today


Score Distribution

Your Account Isn't Verified!

In order to create a playlist on Sporcle, you need to verify the email address you used during registration. Go to your Sporcle Settings to finish the process.

Report this User

Report this user for behavior that violates our Community Guidelines.

Details: